Top 60 World Cities With Five Letters - Statistics

General Stats
  • This quiz has been taken 1,245 times
  • The average score is 34 of 60
Answer Stats
pop country city % Correct
39.50 mil Japan Tokyo
100%
16.80 mil Egypt Cairo
98%
11.20 mil France Paris
98%
24.40 mil South Korea Seoul
98%
26.40 mil India Delhi
96%
5.15 mil Italy Milan
92%
3.93 mil UAE Dubai
90%
17.10 mil Nigeria Lagos
90%
17.80 mil Japan Osaka
90%
2.50 mil Tunisia Tunis
90%
2.95 mil Vietnam Hanoi
89%
17.60 mil Bangladesh Dhaka
88%
3.73 mil Afghanistan Kabul
87%
1.96 mil Belarus Minsk
86%
2.55 mil Ecuador Quito
86%
2.08 mil Australia Perth
85%
6.10 mil United States Miami
84%
3.35 mil Jordan Amman
83%
3.30 mil Senegal Dakar
83%
1.92 mil Morocco Rabat
83%
4.58 mil Ghana Accra
82%
1.89 mil Bolivia La Paz
80%
1.33 mil Bulgaria Sofia
80%
1.19 mil Portugal Porto
76%
2.15 mil United Kingdom Leeds
74%
2.48 mil Yemen Sana'a
74%
2.83 mil Nigeria Abuja
71%
1.87 mil Saudi Arabia Mecca
71%
1.68 mil Italy Turin
71%
4.28 mil South Korea Busan
70%
8.00 mil China Wuhan
68%
2.95 mil Turkey Izmir
64%
4.03 mil United States Tampa
53%
1.29 mil France Lille
47%
1.42 mil Iraq Basra
43%
2.15 mil Brazil Belém
43%
3.43 mil Indonesia Medan
42%
1.47 mil Iraq Mosul
42%
5.70 mil India Surat
42%
2.75 mil South Korea Daegu
39%
1.95 mil Turkey Bursa
34%
1.22 mil Russia Kazan'
34%
1.34 mil Philippines Davao
32%
1.68 mil Turkey Adana
31%
4.55 mil China Hefei
29%
1.37 mil Brazil Natal
26%
3.95 mil China Jinan
25%
2.48 mil India Patna
25%
1.16 mil Iraq Erbil
23%
1.21 mil Turkey Konya
22%
1.13 mil South Korea Ulsan
14%
1.03 mil India Salem
13%
1.25 mil Iran Ahvaz
12%
1.51 mil China Jilin
12%
1.72 mil China Linyi
12%
1.18 mil Indonesia Batam
6%
1.23 mil China Tai'an
4%
1.08 mil China Benxi
3%
1.83 mil India Nasik
2%
1.13 mil China Zunyi
2%
No matching quizzes found
Score Distribution
Percent of People with Each Score
Percentile by Number Answered
Your Score History
You have not taken this quiz